Modeling the Size of the Mutual Fund Industry in Countries of Central and Eastern Europe

Prehodnotenie významu vplyvu jednotlivých makroekonomických a mikroekonomických faktorov, o veľkosti spravovaného majetku vo vzorke ekonomík strednej a východnej Európy s vysokými a strednými príjmami prostredníctvom zníženia celkovej veľkosti odvetvia podielových fondov a veľkosti jej samostatných...

Descrizione completa

Salvato in:
Dettagli Bibliografici
Autore principale: Lemeshko, Oleksandra
Altri autori: Rejnuš, Oldřich
Natura: Capitolo di libro
Lingua:inglese
Soggetti:
Tags: Aggiungi Tag
Nessun Tag, puoi essere il primo ad aggiungerne!!

MARC

LEADER 00000nla a2200000 4500
001 0242456
005 20240416111844.3
041 0 |a eng 
044 |a CZ 
245 1 0 |a Modeling the Size of the Mutual Fund Industry in Countries of Central and Eastern Europe  |c Oleksandra Lemeshko, Oldřich Rejnuš 
520 |a Prehodnotenie významu vplyvu jednotlivých makroekonomických a mikroekonomických faktorov, o veľkosti spravovaného majetku vo vzorke ekonomík strednej a východnej Európy s vysokými a strednými príjmami prostredníctvom zníženia celkovej veľkosti odvetvia podielových fondov a veľkosti jej samostatných zložiek, ako sú majetkové pomery, fixné príjmy a správa peňažných aktív na mnohých nezávislých premenných. 
610 2 0 |a fondy podielové 
610 2 0 |a vývoj 
610 2 0 |a financie 
610 2 0 |a riadenie finančné 
610 2 0 |a riadenie hospodárske 
610 2 0 |a SVE 
610 2 0 |a východná Európa 
610 2 0 |a stredná Európa 
100 1 |a Lemeshko, Oleksandra 
700 1 |a Rejnuš, Oldřich